| 000 | 00317nam a22001337a 4500 | ||
|---|---|---|---|
| 020 | _qPB. | ||
| 040 | _cFIZZA ISHAQ | ||
| 082 |
_a604.2 _bDHA |
||
| 100 |
_aJOLH, DHANANJAY. _985872 |
||
| 245 |
_aENGINEERING DRAWING / _cDHANANJAY JOLH. |
||
| 260 |
_aNEW DEHLI : _bMC, _c2008. |
||
| 300 | _a2266 P. ; | ||
| 942 |
_2ddc _cBK |
||
| 999 |
_c587144 _d587144 |
||